Vybrané aplikace z oblasti GIS = Selected applications from GIS : zkrácená verze habilitační práce /

Hlavní autor: Bartoněk, Dalibor, 1952-
Korporativní autor: Vysoké učení technické v Brně. Ústav geodézie
Jazyk: Čeština
Vydáno: Brno : VUTIUM, 2005
Edice: Vědecké spisy Vysokého učení technického v Brně. Habilitační a inaugurační spisy, sv. 174
Témata:
Fyzický popis: 40 s. : il. ; 24 cm
Language note: Anglické resumé
Knihy
Uloženo v:
LEADER 01867nam a2200433 a 4500
001 nkc20051582531
003 CZ PrNK
005 20051213153739.0
007 ta
008 050919s2005 xr a f m 000 0 cze
015 |a cnb001582531 
020 |a 80-214-3002-8  |q (brož.) 
035 |a (OCoLC)85162644 
040 |a BOA001  |b cze  |d ABA001 
041 0 |a cze  |b eng 
072 7 |a 004.9  |x Speciální počítačové metody. Počítačová grafika  |2 Konspekt  |9 23 
080 |a 004.9:91  |2 MRF 
080 |a (043.5)  |2 MRF 
100 1 |a Bartoněk, Dalibor,  |d 1952-  |7 xx0009646  |4 aut 
245 1 0 |a Vybrané aplikace z oblasti GIS =  |b Selected applications from GIS : zkrácená verze habilitační práce /  |c Dalibor Bartoněk 
246 3 1 |a Selected applications from GIS 
260 |a Brno :  |b VUTIUM,  |c 2005 
300 |a 40 s. :  |b il. ;  |c 24 cm 
490 1 |a Vědecké spisy Vysokého učení technického v Brně. Habilitační a inaugurační spisy,  |x 1213-418X ;  |v sv. 174 
500 |a Nad názvem: Vysoké učení technické v Brně, Fakulta stavební, Ústav geodézie 
504 |a Obsahuje bibliografii 
546 |a Anglické resumé 
650 0 7 |a geografické informační systémy  |7 ph114617  |2 czenas 
650 0 9 |a geographical information systems  |2 eczenas 
655 7 |a habilitační práce  |7 fd185153  |2 czenas 
655 9 |a habilitation theses  |2 eczenas 
710 2 |a Vysoké učení technické v Brně.  |b Ústav geodézie  |7 kn20030702012 
810 2 |a Vysoké učení technické v Brně.  |t Vědecké spisy.  |p Habilitační a inaugurační spisy  |0 s 
910 2 |a BOA001  |b 2-1159.425 
990 |a BK 
995 |a 01 
991 |b 200511  |c NOV 
996 6 |b 2610262110  |c 2-1159.425  |l MZK  |r Sklad / do 1 hodiny  |n 1  |p p.v.  |w 000794755  |u 000010  |a 1  |e BOA001  |j MZK50  |s P 
996 7 |b 2610262111  |c 2-1159.425  |l MZK  |r Sklad / do 1 hodiny  |n 18  |p p.v.  |w 000794755  |u 000020  |a 1  |e BOA001  |j MZK50  |s A